[Event "Budimex Polish Women's Championship"]
[Site "www.chessmanager.com"]
[Date "2018.05.19"]
[Round "8"]
[White "Warakomska, Anna"]
[Black "Zawadzka, Jolanta"]
[Result "1/2-1/2"]
[Board "3"]
[WhiteElo "2295"]
[WhiteTitle "WIM"]
[WhiteCountry "POL"]
[WhiteFideId "1130790"]
[WhiteEloChange "4"]
[BlackElo "2424"]
[BlackTitle "WGM"]
[BlackCountry "POL"]
[BlackFideId "1122320"]
[BlackEloChange "-2"]

1. d4 {[%clk 1:30:57]} d5 {[%clk 1:30:55]} 2. Bf4 {[%clk 1:31:23]} Nf6 {[%clk
1:30:54]} 3. e3 {[%clk 1:31:27]} e6 {[%clk 1:30:51]} 4. Nd2 {[%clk 1:30:22]} Bd6
{[%clk 1:29:50]} 5. Bg3 {[%clk 1:29:39]} b6 {[%clk 1:28:32]} 6. Ngf3 {[%clk
1:27:30]} O-O {[%clk 1:20:11]} 7. Bd3 {[%clk 1:25:07]} Bb7 {[%clk 1:19:23]} 8.
Ne5 {[%clk 1:19:05]} Ne4 {[%clk 1:11:35]} 9. Qh5 {[%clk 1:11:23]} g6 {[%clk
0:46:09]} 10. Qh6 {[%clk 1:06:21]} Qe7 {[%clk 0:45:28]} 11. f3 {[%clk 0:36:32]}
Nxd2 {[%clk 0:44:47]} 12. Kxd2 {[%clk 0:36:58]} f6 {[%clk 0:36:21]} 13. Ng4
{[%clk 0:36:16]} f5 {[%clk 0:35:45]} 14. Ne5 {[%clk 0:35:26]} Bxe5 {[%clk
0:32:04]} 15. Bxe5 {[%clk 0:34:09]} Nc6 {[%clk 0:31:24]} 16. Qf4 {[%clk 0:33:11]}
Rac8 {[%clk 0:31:06]} 17. h4 {[%clk 0:31:55]} a5 {[%clk 0:29:55]} 18. c3 {[%clk
0:31:00]} Nxe5 {[%clk 0:27:10]} 19. Qxe5 {[%clk 0:31:10]} Qf6 {[%clk 0:26:40]}
20. Qxf6 {[%clk 0:22:53]} Rxf6 {[%clk 0:27:09]} 21. f4 {[%clk 0:23:14]} c5 {[%clk
0:26:51]} 22. g4 {[%clk 0:17:49]} Bc6 {[%clk 0:19:29]} 23. h5 {[%clk 0:16:09]}
Be8 {[%clk 0:19:15]} 24. Rag1 {[%clk 0:16:02]} Rc7 {[%clk 0:18:25]} 25. hxg6
{[%clk 0:13:26]} Bxg6 {[%clk 0:17:22]} 26. g5 {[%clk 0:11:20]} Rf8 {[%clk
0:17:41]} 27. Rc1 {[%clk 0:09:19]} Kf7 {[%clk 0:16:58]} 28. Bb5 {[%clk 0:07:57]}
Ke7 {[%clk 0:15:21]} 29. b4 {[%clk 0:05:13]} axb4 {[%clk 0:13:34]} 30. cxb4
{[%clk 0:05:39]} Ra8 {[%clk 0:13:56]} 31. a4 {[%clk 0:05:38]} c4 {[%clk 0:14:07]}
32. Kc3 {[%clk 0:05:21]} Kd6 {[%clk 0:14:15]} 33. Ra1 {[%clk 0:04:46]} Rca7
{[%clk 0:14:28]} 34. Ra2 {[%clk 0:02:26]} Be8 {[%clk 0:10:41]} 35. Bxe8 {[%clk
0:02:42]} Rxe8 {[%clk 0:11:09]} 36. Rg1 {[%clk 0:02:12]} Rg8 {[%clk 0:10:10]} 37.
Rh1 {[%clk 0:02:29]} Rga8 {[%clk 0:09:54]} 38. Rha1 {[%clk 0:02:54]} Rh8 {[%clk
0:09:45]} 39. Rh1 {[%clk 0:02:15]} Rha8 {[%clk 0:09:57]} 40. Rha1 {[%clk
0:32:07]} Rh8 {[%clk 0:39:20]} 41. Rh1 {[%clk 0:20:09]} 1/2-1/2

[Event "Budimex Polish Women's Championship"]
[Site "www.chessmanager.com"]
[Date "2018.05.19"]
[Round "8"]
[White "Kubicka, Anna"]
[Black "Rajlich, Iweta"]
[Result "0-1"]
[Board "4"]
[WhiteElo "2219"]
[WhiteTitle "WIM"]
[WhiteCountry "POL"]
[WhiteFideId "1152254"]
[WhiteEloChange "-5"]
[BlackElo "2389"]
[BlackTitle "IM"]
[BlackCountry "POL"]
[BlackFideId "1108166"]
[BlackEloChange "5"]

1. c4 {[%clk 1:30:50]} c5 {[%clk 1:30:43]} 2. Nc3 {[%clk 1:31:14]} Nc6 {[%clk
1:31:03]} 3. g3 {[%clk 1:31:30]} g6 {[%clk 1:30:55]} 4. Bg2 {[%clk 1:31:53]} Bg7
{[%clk 1:31:23]} 5. e3 {[%clk 1:32:09]} d6 {[%clk 1:30:29]} 6. Nge2 {[%clk
1:32:27]} Bd7 {[%clk 1:30:37]} 7. O-O {[%clk 1:32:33]} Nf6 {[%clk 1:30:39]} 8. d4
{[%clk 1:28:46]} a6 {[%clk 1:27:05]} 9. b3 {[%clk 1:24:38]} Rb8 {[%clk 1:27:03]}
10. Bb2 {[%clk 1:21:52]} cxd4 {[%clk 1:16:28]} 11. Nxd4 {[%clk 1:14:28]} Nxd4
{[%clk 1:13:09]} 12. Qxd4 {[%clk 1:09:12]} O-O {[%clk 1:10:03]} 13. Nd5 {[%clk
1:07:56]} Ne8 {[%clk 1:05:36]} 14. Qd2 {[%clk 1:07:54]} Bxb2 {[%clk 1:05:58]} 15.
Qxb2 {[%clk 1:08:21]} e6 {[%clk 1:02:33]} 16. Nc3 {[%clk 1:05:53]} b5 {[%clk
1:00:20]} 17. cxb5 {[%clk 1:06:02]} axb5 {[%clk 1:00:49]} 18. Rfd1 {[%clk
1:05:26]} f5 {[%clk 0:52:23]} 19. Rac1 {[%clk 1:03:07]} Qf6 {[%clk 0:44:52]} 20.
Qd2 {[%clk 1:01:37]} g5 {[%clk 0:35:52]} 21. Ne2 {[%clk 0:58:31]} h5 {[%clk
0:28:31]} 22. Qd4 {[%clk 0:53:24]} Qxd4 {[%clk 0:27:41]} 23. Nxd4 {[%clk
0:53:29]} d5 {[%clk 0:25:49]} 24. Rc5 {[%clk 0:48:51]} Nf6 {[%clk 0:23:59]} 25.
Ra1 {[%clk 0:40:48]} b4 {[%clk 0:21:57]} 26. a4 {[%clk 0:35:36]} bxa3 {[%clk
0:22:09]} 27. Rxa3 {[%clk 0:36:01]} Rfc8 {[%clk 0:17:23]} 28. Rxc8+ {[%clk
0:35:16]} Rxc8 {[%clk 0:17:26]} 29. Ra1 {[%clk 0:35:30]} g4 {[%clk 0:17:19]} 30.
b4 {[%clk 0:24:58]} Kf7 {[%clk 0:15:51]} 31. Rb1 {[%clk 0:21:17]} Rb8 {[%clk
0:14:07]} 32. Rb2 {[%clk 0:08:52]} Ke7 {[%clk 0:13:37]} 33. Bf1 {[%clk 0:03:32]}
e5 {[%clk 0:12:22]} 34. Nc2 {[%clk 0:02:26]} Ne4 {[%clk 0:10:34]} 35. Ne1 {[%clk
0:02:11]} Kd6 {[%clk 0:08:57]} 36. Bg2 {[%clk 0:00:57]} Bb5 {[%clk 0:08:39]} 37.
Bxe4 {[%clk 0:00:53]} fxe4 {[%clk 0:09:02]} 38. Kg2 {[%clk 0:00:50]} Ra8 {[%clk
0:07:56]} 39. Rb1 {[%clk 0:00:54]} Ra2 {[%clk 0:06:38]} 40. Kg1 {[%clk 0:30:39]}
d4 {[%clk 0:36:10]} 41. exd4 {[%clk 0:29:38]} exd4 {[%clk 0:35:33]} 42. Ng2
{[%clk 0:29:53]} d3 {[%clk 0:28:44]} 43. Ne3 {[%clk 0:30:03]} Re2 {[%clk
0:27:13]} 44. Kg2 {[%clk 0:28:43]} Ke6 {[%clk 0:20:15]} 45. Rf1 {[%clk 0:15:50]}
d2 {[%clk 0:17:20]} 46. Nc2 {[%clk 0:15:27]} d1Q {[%clk 0:14:51]} 47. Rxd1 {[%clk
0:15:16]} Rxc2 {[%clk 0:15:16]} 0-1

[Event "Budimex Polish Women's Championship"]
[Site "www.chessmanager.com"]
[Date "2018.05.19"]
[Round "8"]
[White "Kulon, Klaudia"]
[Black "Sliwicka, Alicja"]
[Result "1-0"]
[Board "5"]
[WhiteElo "2353"]
[WhiteTitle "WGM"]
[WhiteCountry "POL"]
[WhiteFideId "1131044"]
[WhiteEloChange "7"]
[BlackElo "2261"]
[BlackTitle "WFM"]
[BlackCountry "POL"]
[BlackFideId "1150677"]
[BlackEloChange "-7"]

1. d4 {[%clk 1:30:58]} e6 {[%clk 1:30:54]} 2. Bf4 {[%clk 1:28:40]} d5 {[%clk
1:31:15]} 3. e3 {[%clk 1:28:51]} Nf6 {[%clk 1:31:37]} 4. Bd3 {[%clk 1:28:53]} c5
{[%clk 1:31:56]} 5. c3 {[%clk 1:29:18]} Nc6 {[%clk 1:32:19]} 6. Nd2 {[%clk
1:29:00]} Bd6 {[%clk 1:32:41]} 7. Bg3 {[%clk 1:28:44]} O-O {[%clk 1:32:55]} 8. f4
{[%clk 1:27:24]} Bd7 {[%clk 1:29:53]} 9. Ngf3 {[%clk 1:26:40]} Ne7 {[%clk
1:12:23]} 10. Ne5 {[%clk 1:24:27]} a6 {[%clk 1:02:25]} 11. Bh4 {[%clk 1:20:17]}
Bb5 {[%clk 0:56:36]} 12. Bc2 {[%clk 1:11:55]} Ng6 {[%clk 0:56:09]} 13. Bg5 {[%clk
1:11:29]} Be7 {[%clk 0:48:08]} 14. h4 {[%clk 1:06:43]} Nd7 {[%clk 0:39:42]} 15.
a4 {[%clk 1:02:59]} Bc6 {[%clk 0:37:03]} 16. Nxg6 {[%clk 0:56:14]} hxg6 {[%clk
0:35:10]} 17. Qg4 {[%clk 0:56:24]} Re8 {[%clk 0:20:55]} 18. h5 {[%clk 0:55:31]}
Bxg5 {[%clk 0:20:08]} 19. fxg5 {[%clk 0:55:44]} Nf8 {[%clk 0:18:28]} 20. Qh4
{[%clk 0:55:27]} f5 {[%clk 0:17:41]} 21. Nf3 {[%clk 0:51:27]} Kf7 {[%clk
0:15:44]} 22. Ne5+ {[%clk 0:49:20]} Ke7 {[%clk 0:16:13]} 23. hxg6 {[%clk
0:49:44]} Nd7 {[%clk 0:16:05]} 24. Nf7 {[%clk 0:48:51]} Qc7 {[%clk 0:16:10]} 25.
O-O-O {[%clk 0:48:12]} b5 {[%clk 0:14:01]} 26. Qh7 {[%clk 0:48:11]} bxa4 {[%clk
0:11:52]} 27. Qxg7 {[%clk 0:48:20]} a3 {[%clk 0:09:06]} 28. bxa3 {[%clk 0:48:19]}
cxd4 {[%clk 0:08:52]} 29. Ne5+ {[%clk 0:47:58]} Kd8 {[%clk 0:08:23]} 30. exd4
{[%clk 0:48:01]} Nxe5 {[%clk 0:07:49]} 31. Qf6+ {[%clk 0:46:10]} Kc8 {[%clk
0:07:38]} 32. Qxe5 {[%clk 0:46:35]} Qxe5 {[%clk 0:07:37]} 33. dxe5 {[%clk
0:47:03]} Rg8 {[%clk 0:07:29]} 34. Rh6 {[%clk 0:45:54]} Be8 {[%clk 0:06:28]} 35.
c4 {[%clk 0:45:11]} dxc4 {[%clk 0:04:41]} 36. Rd6 {[%clk 0:45:00]} Ra7 {[%clk
0:02:49]} 37. Rxe6 {[%clk 0:44:45]} Rag7 {[%clk 0:02:35]} 38. Rf6 {[%clk
0:44:25]} f4 {[%clk 0:02:00]} 39. Bf5+ {[%clk 0:41:01]} Kb7 {[%clk 0:01:50]} 40.
Be6 {[%clk 1:10:46]} 1-0

[Event "Budimex Polish Women's Championship"]
[Site "www.chessmanager.com"]
[Date "2018.05.20"]
[Round "9"]
[White "Sliwicka, Alicja"]
[Black "Majdan, Joanna"]
[Result "1/2-1/2"]
[Board "1"]
[WhiteElo "2261"]
[WhiteTitle "WFM"]
[WhiteCountry "POL"]
[WhiteFideId "1150677"]
[WhiteEloChange "3"]
[BlackElo "2369"]
[BlackTitle "WGM"]
[BlackCountry "POL"]
[BlackFideId "1121979"]
[BlackEloChange "-3"]

1. e4 {[%clk 1:30:58]} c5 {[%clk 1:30:56]} 2. Nf3 {[%clk 1:31:23]} Nc6 {[%clk
1:31:22]} 3. d4 {[%clk 1:31:47]} cxd4 {[%clk 1:31:48]} 4. Nxd4 {[%clk 1:32:12]}
e5 {[%clk 1:32:15]} 5. Nb5 {[%clk 1:32:33]} d6 {[%clk 1:32:41]} 6. c4 {[%clk
1:32:57]} Be7 {[%clk 1:33:02]} 7. N1c3 {[%clk 1:33:08]} a6 {[%clk 1:33:28]} 8.
Na3 {[%clk 1:33:31]} f5 {[%clk 1:33:53]} 9. exf5 {[%clk 1:33:18]} Bxf5 {[%clk
1:34:20]} 10. Bd3 {[%clk 1:33:22]} Be6 {[%clk 1:34:45]} 11. Nc2 {[%clk 1:32:29]}
Nf6 {[%clk 1:34:36]} 12. O-O {[%clk 1:30:21]} O-O {[%clk 1:30:46]} 13. Ne3 {[%clk
1:25:15]} Qd7 {[%clk 1:23:22]} 14. b3 {[%clk 1:24:27]} Bd8 {[%clk 1:18:48]} 15.
Ne4 {[%clk 1:12:10]} Kh8 {[%clk 1:08:25]} 16. Ba3 {[%clk 0:58:31]} Bc7 {[%clk
1:06:04]} 17. Nxf6 {[%clk 0:56:31]} Rxf6 {[%clk 1:00:57]} 18. Be4 {[%clk
0:56:45]} Raf8 {[%clk 0:53:53]} 19. Qd3 {[%clk 0:53:29]} Qf7 {[%clk 0:52:36]} 20.
f3 {[%clk 0:44:09]} Qh5 {[%clk 0:52:28]} 21. Rfd1 {[%clk 0:29:07]} Rh6 {[%clk
0:48:05]} 22. Nf1 {[%clk 0:29:13]} Bb6+ {[%clk 0:40:57]} 23. Kh1 {[%clk 0:28:47]}
Bd4 {[%clk 0:31:55]} 24. Bc1 {[%clk 0:27:12]} g5 {[%clk 0:31:48]} 25. Rb1 {[%clk
0:26:40]} Bf2 {[%clk 0:22:16]} 26. Be3 {[%clk 0:24:48]} Bxe3 {[%clk 0:22:32]} 27.
Qxe3 {[%clk 0:25:08]} g4 {[%clk 0:22:01]} 28. Rxd6 {[%clk 0:23:50]} Nd4 {[%clk
0:20:24]} 29. Rxd4 {[%clk 0:15:45]} exd4 {[%clk 0:20:19]} 30. Qxd4+ {[%clk
0:16:12]} Kg8 {[%clk 0:20:15]} 31. Qf2 {[%clk 0:14:23]} Qf7 {[%clk 0:17:59]} 32.
Qg3 {[%clk 0:14:24]} Rf6 {[%clk 0:16:21]} 33. Ne3 {[%clk 0:14:16]} Rf4 {[%clk
0:16:13]} 34. h3 {[%clk 0:12:11]} Qg7 {[%clk 0:11:31]} 35. hxg4 {[%clk 0:08:47]}
h5 {[%clk 0:11:59]} 36. Nd5 {[%clk 0:07:01]} Rxe4 {[%clk 0:08:24]} 37. fxe4
{[%clk 0:07:27]} hxg4 {[%clk 0:08:52]} 38. Re1 {[%clk 0:06:55]} Rf7 {[%clk
0:07:15]} 39. e5 {[%clk 0:06:04]} Qg5 {[%clk 0:06:00]} 40. Nf6+ {[%clk 0:35:49]}
Kg7 {[%clk 0:35:28]} 41. Qh2 {[%clk 0:31:40]} Bf5 {[%clk 0:35:23]} 42. Rf1 {[%clk
0:27:26]} Bd3 {[%clk 0:29:15]} 43. Rf4 {[%clk 0:25:01]} Qxe5 {[%clk 0:28:16]} 44.
Nh5+ {[%clk 0:21:40]} Kh8 {[%clk 0:27:52]} 45. Rxf7 {[%clk 0:20:54]} Qe1+ {[%clk
0:28:19]} 46. Rf1 {[%clk 0:18:50]} Qxf1+ {[%clk 0:24:39]} 47. Qg1 {[%clk
0:19:16]} Qxg1+ {[%clk 0:22:43]} 48. Kxg1 {[%clk 0:19:42]} Bb1 {[%clk 0:23:12]}
49. a3 {[%clk 0:20:06]} Ba2 {[%clk 0:23:34]} 50. b4 {[%clk 0:20:31]} Bxc4 {[%clk
0:23:59]} 51. Kf2 {[%clk 0:20:48]} Be6 {[%clk 0:22:49]} 52. Kg3 {[%clk 0:21:10]}
Kh7 {[%clk 0:23:15]} 53. Nf6+ {[%clk 0:21:28]} Kg6 {[%clk 0:23:42]} 54. Nxg4
{[%clk 0:21:53]} Kf5 {[%clk 0:24:07]} 55. Nf2 {[%clk 0:21:07]} Ke5 {[%clk
0:24:31]} 56. Nd3+ {[%clk 0:19:24]} Kd4 {[%clk 0:23:48]} 57. Nf4 {[%clk 0:18:58]}
Bc4 {[%clk 0:21:57]} 58. Kf3 {[%clk 0:19:10]} Kc3 {[%clk 0:17:41]} 59. Ke4 {[%clk
0:19:24]} Kb3 {[%clk 0:17:55]} 60. Kd4 {[%clk 0:19:38]} Bf7 {[%clk 0:17:48]} 61.
Kc5 {[%clk 0:18:37]} Kxa3 {[%clk 0:17:45]} 62. Nd3 {[%clk 0:17:43]} Kb3 {[%clk
0:17:45]} 63. g4 {[%clk 0:16:41]} Kc3 {[%clk 0:15:15]} 64. Ne5 {[%clk 0:17:06]}
Be6 {[%clk 0:15:05]} 65. g5 {[%clk 0:17:05]} b6+ {[%clk 0:14:56]} 66. Kxb6 {[%clk
0:14:27]} Kxb4 {[%clk 0:15:22]} 67. Kxa6 {[%clk 0:14:51]} Kc5 {[%clk 0:15:44]}
1/2-1/2

[Event "Budimex Polish Women's Championship"]
[Site "www.chessmanager.com"]
[Date "2018.05.20"]
[Round "9"]
[White "Rajlich, Iweta"]
[Black "Kulon, Klaudia"]
[Result "0-1"]
[Board "2"]
[WhiteElo "2389"]
[WhiteTitle "IM"]
[WhiteCountry "POL"]
[WhiteFideId "1108166"]
[WhiteEloChange "-11"]
[BlackElo "2353"]
[BlackTitle "WGM"]
[BlackCountry "POL"]
[BlackFideId "1131044"]
[BlackEloChange "11"]

1. b3 {[%clk 1:30:58]} Nf6 {[%clk 1:30:54]} 2. Bb2 {[%clk 1:31:22]} g6 {[%clk
1:31:20]} 3. Bxf6 {[%clk 1:31:49]} exf6 {[%clk 1:31:46]} 4. c4 {[%clk 1:32:13]}
d5 {[%clk 1:32:12]} 5. cxd5 {[%clk 1:32:17]} Qxd5 {[%clk 1:32:40]} 6. Nc3 {[%clk
1:32:38]} Qa5 {[%clk 1:33:04]} 7. g3 {[%clk 1:32:09]} c6 {[%clk 1:33:06]} 8. Bg2
{[%clk 1:32:11]} Bg7 {[%clk 1:28:17]} 9. Nf3 {[%clk 1:29:09]} f5 {[%clk 1:27:19]}
10. O-O {[%clk 1:28:49]} O-O {[%clk 1:27:38]} 11. Qc2 {[%clk 1:26:47]} Re8 {[%clk
1:24:10]} 12. Rac1 {[%clk 1:16:26]} Na6 {[%clk 1:21:04]} 13. d4 {[%clk 1:13:48]}
c5 {[%clk 1:07:13]} 14. e3 {[%clk 1:05:19]} f4 {[%clk 1:01:19]} 15. gxf4 {[%clk
0:50:11]} Bf5 {[%clk 1:01:44]} 16. Qd2 {[%clk 0:47:52]} Rad8 {[%clk 1:02:08]} 17.
Rfe1 {[%clk 0:42:45]} cxd4 {[%clk 0:57:23]} 18. exd4 {[%clk 0:42:22]} Rxe1+
{[%clk 0:57:15]} 19. Qxe1 {[%clk 0:38:45]} Nc7 {[%clk 0:53:33]} 20. Qe3 {[%clk
0:25:14]} Ne6 {[%clk 0:42:04]} 21. d5 {[%clk 0:24:05]} Nxf4 {[%clk 0:40:14]} 22.
Qxf4 {[%clk 0:24:07]} Bxc3 {[%clk 0:40:40]} 23. Qc4 {[%clk 0:17:07]} Bb2 {[%clk
0:40:34]} 24. Rd1 {[%clk 0:17:12]} Qxa2 {[%clk 0:38:33]} 25. Qh4 {[%clk 0:14:21]}
Rd7 {[%clk 0:37:02]} 26. Ng5 {[%clk 0:12:54]} h5 {[%clk 0:36:45]} 27. Qg3 {[%clk
0:11:16]} Kg7 {[%clk 0:33:29]} 28. Bh3 {[%clk 0:10:24]} Bxh3 {[%clk 0:23:22]} 29.
Qxh3 {[%clk 0:10:53]} Rd8 {[%clk 0:22:18]} 30. Nxf7 {[%clk 0:08:43]} Kxf7 {[%clk
0:19:43]} 31. Qe6+ {[%clk 0:09:12]} Kf8 {[%clk 0:20:08]} 32. d6 {[%clk 0:08:00]}
Re8 {[%clk 0:18:37]} 33. Qd5 {[%clk 0:07:42]} Bf6 {[%clk 0:16:42]} 34. d7 {[%clk
0:05:08]} Rd8 {[%clk 0:17:11]} 35. Re1 {[%clk 0:03:25]} Qa3 {[%clk 0:16:50]} 36.
Kg2 {[%clk 0:02:03]} Qb4 {[%clk 0:16:14]} 37. h3 {[%clk 0:01:10]} Qxe1 {[%clk
0:16:14]} 0-1

[Event "Budimex Polish Women's Championship"]
[Site "www.chessmanager.com"]
[Date "2018.05.20"]
[Round "9"]
[White "Zawadzka, Jolanta"]
[Black "Kubicka, Anna"]
[Result "1-0"]
[Board "3"]
[WhiteElo "2424"]
[WhiteTitle "WGM"]
[WhiteCountry "POL"]
[WhiteFideId "1122320"]
[WhiteEloChange "2"]
[BlackElo "2219"]
[BlackTitle "WIM"]
[BlackCountry "POL"]
[BlackFideId "1152254"]
[BlackEloChange "-5"]

1. e4 {[%clk 1:30:57]} e5 {[%clk 1:30:46]} 2. Nf3 {[%clk 1:31:17]} Nf6 {[%clk
1:31:10]} 3. Nxe5 {[%clk 1:31:03]} d6 {[%clk 1:31:36]} 4. Nf3 {[%clk 1:31:27]}
Nxe4 {[%clk 1:32:01]} 5. d4 {[%clk 1:31:17]} d5 {[%clk 1:32:23]} 6. Bd3 {[%clk
1:31:35]} Bd6 {[%clk 1:32:42]} 7. O-O {[%clk 1:30:57]} O-O {[%clk 1:33:06]} 8. c4
{[%clk 1:31:11]} c6 {[%clk 1:33:31]} 9. Nc3 {[%clk 1:31:08]} Nxc3 {[%clk
1:33:04]} 10. bxc3 {[%clk 1:31:32]} dxc4 {[%clk 1:33:19]} 11. Bxc4 {[%clk
1:31:45]} Bf5 {[%clk 1:33:32]} 12. Re1 {[%clk 1:27:39]} Nd7 {[%clk 1:31:47]} 13.
h3 {[%clk 1:20:39]} Nb6 {[%clk 1:30:04]} 14. Bf1 {[%clk 1:13:34]} Qc7 {[%clk
1:22:30]} 15. c4 {[%clk 1:11:39]} Bf4 {[%clk 1:12:57]} 16. Bb2 {[%clk 1:08:19]}
Rfe8 {[%clk 1:07:29]} 17. Qb3 {[%clk 1:05:19]} Qd7 {[%clk 1:04:06]} 18. Ne5
{[%clk 1:03:21]} Bxe5 {[%clk 1:00:58]} 19. dxe5 {[%clk 1:03:36]} c5 {[%clk
0:57:41]} 20. a4 {[%clk 0:57:41]} Qc7 {[%clk 0:54:45]} 21. a5 {[%clk 0:56:41]}
Nd7 {[%clk 0:54:21]} 22. g4 {[%clk 0:54:44]} Be6 {[%clk 0:50:46]} 23. f4 {[%clk
0:52:10]} Nf8 {[%clk 0:48:45]} 24. Bg2 {[%clk 0:46:08]} Bd7 {[%clk 0:41:27]} 25.
f5 {[%clk 0:31:09]} Bc6 {[%clk 0:41:20]} 26. Bd5 {[%clk 0:31:26]} Rad8 {[%clk
0:40:28]} 27. Qf3 {[%clk 0:22:57]} Rd7 {[%clk 0:37:37]} 28. Bc3 {[%clk 0:22:31]}
Rde7 {[%clk 0:31:25]} 29. Rad1 {[%clk 0:15:00]} Nd7 {[%clk 0:29:11]} 30. e6
{[%clk 0:14:25]} fxe6 {[%clk 0:28:45]} 31. Rxe6 {[%clk 0:14:18]} Kh8 {[%clk
0:24:37]} 32. Bxg7+ {[%clk 0:12:53]} Kxg7 {[%clk 0:22:56]} 33. f6+ {[%clk
0:13:15]} Kh8 {[%clk 0:21:15]} 34. fxe7 {[%clk 0:12:48]} Bxd5 {[%clk 0:20:51]}
35. Rxd5 {[%clk 0:12:45]} 1-0

[Event "Budimex Polish Women's Championship"]
[Site "www.chessmanager.com"]
[Date "2018.05.20"]
[Round "9"]
[White "Bartel, Marta"]
[Black "Socko, Monika"]
[Result "1/2-1/2"]
[Board "5"]
[WhiteElo "2280"]
[WhiteTitle "WGM"]
[WhiteCountry "POL"]
[WhiteFideId "1123009"]
[WhiteEloChange "5"]
[BlackElo "2458"]
[BlackTitle "GM"]
[BlackCountry "POL"]
[BlackFideId "1106619"]
[BlackEloChange "-2"]

1. d4 {[%clk 1:30:56]} Nf6 {[%clk 1:30:56]} 2. c4 {[%clk 1:31:14]} e6 {[%clk
1:31:21]} 3. Nc3 {[%clk 1:31:07]} d5 {[%clk 1:31:43]} 4. Nf3 {[%clk 1:31:04]} Bb4
{[%clk 1:31:36]} 5. Bg5 {[%clk 1:29:12]} h6 {[%clk 1:29:03]} 6. Bxf6 {[%clk
1:27:08]} Qxf6 {[%clk 1:25:36]} 7. Rc1 {[%clk 1:24:18]} O-O {[%clk 1:17:27]} 8.
a3 {[%clk 1:18:23]} Bxc3+ {[%clk 1:17:39]} 9. Rxc3 {[%clk 1:18:51]} c6 {[%clk
1:13:39]} 10. e3 {[%clk 1:18:58]} Nd7 {[%clk 1:12:57]} 11. cxd5 {[%clk 1:14:39]}
exd5 {[%clk 1:13:24]} 12. Bd3 {[%clk 1:14:57]} Nb6 {[%clk 1:13:30]} 13. Ne5
{[%clk 1:10:49]} Bf5 {[%clk 1:12:45]} 14. Qf3 {[%clk 1:04:33]} Be6 {[%clk
1:13:11]} 15. Qxf6 {[%clk 1:00:55]} gxf6 {[%clk 1:13:37]} 16. Nf3 {[%clk
1:01:17]} Nc4 {[%clk 1:14:00]} 17. Bxc4 {[%clk 0:53:36]} dxc4 {[%clk 1:14:28]}
18. Nd2 {[%clk 0:53:54]} b5 {[%clk 1:14:55]} 19. Ne4 {[%clk 0:54:14]} Kg7 {[%clk
1:14:30]} 20. Nc5 {[%clk 0:53:35]} a5 {[%clk 1:11:42]} 21. O-O {[%clk 0:52:28]}
f5 {[%clk 1:09:18]} 22. g3 {[%clk 0:50:58]} Bd5 {[%clk 1:07:21]} 23. f3 {[%clk
0:37:58]} Rfe8 {[%clk 1:06:23]} 24. Kf2 {[%clk 0:38:21]} Re7 {[%clk 1:02:05]} 25.
Re1 {[%clk 0:37:22]} b4 {[%clk 0:58:43]} 26. Rc2 {[%clk 0:32:38]} f6 {[%clk
0:59:08]} 27. a4 {[%clk 0:25:47]} Rb8 {[%clk 0:55:47]} 28. Rec1 {[%clk 0:23:55]}
Rbe8 {[%clk 0:53:46]} 29. Re1 {[%clk 0:24:02]} h5 {[%clk 0:53:20]} 30. h4 {[%clk
0:21:12]} Kh6 {[%clk 0:53:30]} 31. Rcc1 {[%clk 0:21:03]} Rg7 {[%clk 0:49:52]} 32.
Rg1 {[%clk 0:19:24]} Rb8 {[%clk 0:47:55]} 33. Rc2 {[%clk 0:17:03]} Re8 {[%clk
0:44:30]} 34. Rcc1 {[%clk 0:15:21]} Rd8 {[%clk 0:40:37]} 35. Rc2 {[%clk 0:13:05]}
Kh7 {[%clk 0:33:33]} 36. Rcc1 {[%clk 0:12:09]} Re8 {[%clk 0:32:27]} 37. Rc2
{[%clk 0:11:26]} Rge7 {[%clk 0:26:46]} 38. Re1 {[%clk 0:11:27]} Rg8 {[%clk
0:26:21]} 39. Rg1 {[%clk 0:11:07]} f4 {[%clk 0:12:38]} 40. e4 {[%clk 0:38:56]}
fxg3+ {[%clk 0:42:55]} 41. Rxg3 {[%clk 0:39:07]} Rxg3 {[%clk 0:43:19]} 42. Kxg3
{[%clk 0:39:29]} Bg8 {[%clk 0:42:58]} 43. Kf4 {[%clk 0:37:53]} Kg6 {[%clk
0:35:47]} 44. Rc1 {[%clk 0:35:12]} Kg7 {[%clk 0:34:18]} 45. Rg1+ {[%clk 0:33:00]}
Kf7 {[%clk 0:33:36]} 46. Rg2 {[%clk 0:32:58]} Kf8 {[%clk 0:30:20]} 47. Kf5 {[%clk
0:30:57]} Kf7 {[%clk 0:28:09]} 48. Rg1 {[%clk 0:29:30]} Bh7+ {[%clk 0:27:37]} 49.
Kf4 {[%clk 0:29:56]} Kf8 {[%clk 0:24:48]} 50. Rc1 {[%clk 0:29:17]} Bg8 {[%clk
0:25:09]} 51. Kf5 {[%clk 0:27:49]} Kg7 {[%clk 0:25:29]} 52. Rg1+ {[%clk 0:27:51]}
Kf7 {[%clk 0:25:47]} 1/2-1/2